00590nam a2200193Ia 4500003000900000008004100009020001600050040001600066080001500082100002500097245003500122260003600157300001600193650002400209650002500233942000700258999001500265952011600280IN-BaIIA211028s9999 xx 000 0 eng d a471-20629-6 cIIA Library a533bDEL-2 aDelcroix, J. L96596 0aPlasma physicscJ. L. Delcroix aLondonbJohn Wiley & Sonsc1968 aviii, 188p. aIonized gases91896 aPlasma physics93732 cBK c3714d3714 00104070aBANbBANcGENd1971-02-26g71.64l0o533/ DEL-2p4144r2021-11-05v71.64w1971-02-26yBKGRs. 71.64